000 nkm a22 a 4500
999 _c389108
_d389108
003 BLK
005 20200929083844.0
008 200924b bu ||||| |||| 00| k|bu d
040 _aBLK
041 _aRUS
_cRUS
080 _aХудожествена керамика. Грънчарско изкуство
_b738
_z738
139 _aРусские изразцы
245 _aРусские изразцы
_bалбум
_cсостав. и авт. вступ. статьи Ю. М. Овсянников
257 _aSUN
260 _9211505
_aЛенинград
_bХудожник РСФСР
_c1968
_n5-
300 _a134, [1] с.
_bил.
_c20 см
380 _a7
650 0 _9300195
_aКерамика, художествена
653 0 _9401783
_aснимкови албуми
700 1 _9104319
_aОвсянников, Юрий Максимилианович
_eавт-състав.
852 _aЦб 301078
_bЦб
942 _cGRA
_n0
_s1
944 _aCR
_c2020-09-29
_kНР